000 00414nam a22001697a 4500
003 CEME
005 20210628203035.0
008 210129b xxu||||| |||| 00| 0 eng d
020 _a375023
040 _c.
082 _a891.4393 BAI
100 _aSalahudin Mehmood
_962986
245 _aRanjinder singh bedi kay bay misal afsanay
260 _aLAHORE
_bSANG-E-MEEL
_c2007
300 _a1400P
942 _cBK
_2ddc
999 _c571934
_d571934